Caza submarina / (Record no. 136693)

MARC details
000 -LEADER
campo de control de longitud fija 00691nam a2200193 4500
001 - NÚMERO DE CONTROL
campo de control 136693
003 - IDENTIFICADOR DE NÚMERO DE CONTROL
campo de control ES-MaACL
005 - FECHA Y HORA DE LA ÚLTIMA TRANSACCIÓN
campo de control 20230906195214.0
007 - CAMPO FIJO DE DESCRIPCIÓN FÍSICA--INFORMACIÓN GENERAL
campo de control de longitud fija t|
008 - DATOS DE LONGITUD FIJA--INFORMACIÓN GENERAL
campo de control de longitud fija 070214s1965 sp r ||||1| spa d
100 1# - ENTRADA PRINCIPAL--NOMBRE DE PERSONA
Nombre de persona Sala Matas, Juan E.
9 (RLIN) 101668
245 10 - MENCIÓN DEL TÍTULO
Título Caza submarina /
Mención de responsabilidad, etc. prólogo de don Luis M. Puyó ; fotografías submarinas del texto don Eduardo Admetlla ; fotografía de la portada, don Alberto Laviano.
260 ## - PUBLICACIÓN, DISTRIBUCIÓN, ETC.
Lugar de publicación, distribución, etc. Barcelona :
Nombre del editor, distribuidor, etc. Sintes,
Fecha de publicación, distribución, etc. 1965.
300 ## - DESCRIPCIÓN FÍSICA
Extensión 412 p., 3 lám. :
Otras características físicas il. ;
Dimensiones 23 cm +
Material acompañante/anejo 1 h. pleg.
700 1# - ENTRADA AGREGADA--NOMBRE PERSONAL
Nombre de persona Admetlla, Eduardo.
9 (RLIN) 18454
700 1# - ENTRADA AGREGADA--NOMBRE PERSONAL
Nombre de persona Puyó, Luis María.
9 (RLIN) 94450
700 1# - ENTRADA AGREGADA--NOMBRE PERSONAL
Nombre de persona Laviano, Alberto.
9 (RLIN) 70714
852 ## - LOCALIZACIÓN
Ubicación ES-MaACL
Número de control de estantería C-28091
Sublocalización o colección R.57389
Holdings
Estatus retirado Estado de pérdida Estado de daño No para préstamo Biblioteca de origen Biblioteca actual Ubicación en estantería Fecha de adquisición Fuente de adquisición Total de préstamos Signatura topográfica completa Código de barras Visto por última vez Precio de reemplazo Tipo de ítem Koha
        Biblioteca del Ateneo de Madrid Biblioteca del Ateneo de Madrid Depósito 2 17/01/2008     C-28091 1142259 23/02/2023 23/02/2023 Libro impreso